000 00586nam a2200181Ia 4500
005 20250923145924.0
008 008 250917s9999 xx 000 0 eng d
037 _aTextual
040 _aDSWL
_beng
_cDSWL
041 _aeng
_2eng
084 _aY5927.251'N91t4, N91
_qDSWL
100 _aMalhotra, A.
_9840343
245 0 _aDSSW reservation tangle: a Study of the perpus response to the Mandals Commission report
_c by A. Malhotra
260 _aDelhi
_bD.S.S.W.
_c1991
300 _ax,83p.
942 _cTEXL
_hY5927.251'N91t4, N91
999 _c1457397
_d1457397